000 00671nam a2200193Ia 4500
003 GCL
008 140319s9999 xx 000 0 ara d
040 _aGCL /
_cGCL
082 0 4 _a370.1155
_bم ن
100 1 _aمصطفى محمد متولى
245 1 0 _aنظام التعليم فى ايران الكتاب الرابع /
_cمصطفى محمد متولى
260 _a[S.N] :
_bدار الصور ،
_c1992
300 _a159 ص
490 _aسلسلة نظم التعليم فى الدول الاسلامية
_v0
650 0 4 _aالتعليم
650 0 4 _aفقه اللغة العربية الحديثة
650 0 4 _aايران - تاريخ
942 _2ddc
_cBK
999 _c45842
_d45842